Three Images: Guess the Movie III Quiz Stats

 Plays Quiz Updated Nov 22, 2015

Challenge
Share
Tweet
Score 0/20 Timer 08:00
0 Plays Today
% Correct
Titanic
99.4%
Home Alone
93.5%
Cast Away
92.1%
Planet of the Apes
85.4%
Grease
84.8%
Slumdog Millionaire
82.8%
The Hobbit
79.6%
Ghost
74.4%
Miss Congeniality
72.7%
WALL-E
69.7%
% Correct
Rear Window
58.4%
The Emperor's New Groove
57.7%
Juno
57.3%
Remember the Titans
49.9%
The Graduate
45%
Blazing Saddles
43%
Zombieland
42.8%
The Exorcist
40.3%
West Side Story
39.4%
O Brother, Where Art Thou?
35.2%

You're not logged in!

Compare scores with friends on all Sporcle quizzes.
Join for Free
OR
Log In

You Might Also Like...

Show Comments

Extras

Top Quizzes Today


Score Distribution

Your Account Isn't Verified!

In order to create a playlist on Sporcle, you need to verify the email address you used during registration. Go to your Sporcle Settings to finish the process.

Report this User

Report this user for behavior that violates our Community Guidelines.

Details: